Ends in "-ite" - Statistics

General Stats
  • This quiz has been taken 47 times
  • The average score is 20 of 35
Answer Stats
Hint Answer % Correct
Greek goddess of Love and Beauty Aphrodite
91%
What teeth do best (when not smiling) Bite
89%
Alfred Nobel's prize invention Dynamite
86%
What dramatists, lyricists and journalists do for a living Write
83%
Popular flying toy, also the name of a bird of prey Kite
80%
If you mind your manners, people will consider you this Polite
80%
An elf, fairy, or popular U.S. soft drink Sprite
80%
Common advertising abbreviation meaning "fewer calories." Often used for beer. Lite
77%
A "shooting star" that makes it all the way to the ground Meteorite
77%
To repeat from memory Recite
77%
A ceremony, often religious Rite
77%
A physical location, or where web pages live in cyberspace Site
74%
Last name of Betty, Barry, Vanna or Snow White
74%
To ask people to join you Invite
71%
Ill will, hatefulness or animus Spite
71%
It puts the lead in your pencil Graphite
69%
A plant or animal having both male and female reproductive organs Hermaphrodite
66%
Tiny arthropod, often a pest to farmers, or, a very small amount Mite
63%
To list your sources, when publishing Cite
57%
A rest, a break or a breather Respite
54%
Boring, common and not very imaginitive Trite
54%
Fool's gold Iron Pyrite
51%
Educated, learned or knowledgeable Erudite
49%
Consisting of three parts Tripartite
46%
Aluminum ore Bauxite
37%
In the Bible, a descendant of the patriarch Jacob Israelite
37%
A loyal follower of King James II of England (no relation to any biblical patriarchs) Jacobite
37%
To speed up or hurry, as with a process Expedite
31%
A prominent person around town, often wealthy Socialite
31%
Famed sexologist Shere Hite
29%
Very much so Quite
26%
A common chemical salt, often used in preserved foods, like sausages Nitrite
23%
To do something anyways, possibly with contempt Despite
20%
If you don't mind your manners, you may wind up feeling like this Contrite
9%
When everyone in a group casts a vote Plebiscite
3%
No matching quizzes found
Score Distribution
Percent of People with Each Score
Percentile by Number Answered
Your Score History
You have not taken this quiz